Chambre 140-PLK - Statistiques

Statistiques générales
  • Ce quiz a été pris 13 fois
  • Le résultat moyen est 54 sur 250
Statistiques - réponses
Réponse % Correct
Chambre
64%
140
55%
Il
55%
Choses
45%
Dans
45%
De
45%
Des
45%
En
45%
La
45%
S
45%
Chelou
36%
J’suis
36%
Le
36%
Pas
36%
A
27%
Chanel
27%
Coco
27%
Les
27%
Ma
27%
S’passe
27%
Un
27%
Avec
18%
Belek
18%
Bien
18%
Bizarrement
18%
Business
18%
Celui
18%
Chameau
18%
Chapelle
18%
Chez
18%
Classe
18%
Clopes
18%
Comme
18%
Condés
18%
Condi
18%
Coup
18%
Cousin
18%
D’avant
18%
D’bouffons
18%
D’parents
18%
Empire
18%
Enfants
18%
Et
18%
Eux
18%
Filtré
18%
Fume
18%
Fumé
18%
Galère
18%
Grandi
18%
J’ai
18%
Jamais
18%
Jamel
18%
J’demande
18%
J’espère
18%
J’les
18%
J’préfère
18%
J’te
18%
J’veux
18%
J’vois
18%
K.O
18%
Laisse
18%
L’chanel
18%
Mais
18%
M’applaudit
18%
Mario
18%
Mes
18%
Méthodes
18%
M’faut
18%
Migrants
18%
Million
18%
Monter
18%
M’parlais
18%
Oeil
18%
On
18%
Ont
18%
Passe
18%
Patate
18%
Percer
18%
Pharo
18%
Plus
18%
Potes
18%
Poto
18%
Pour
18%
Prod
18%
Que
18%
Qui
18%
Qu’ils
18%
Sans
18%
Scène
18%
Souvent
18%
Suivi
18%
Sur
18%
Talent
18%
Toujours
18%
Trop
18%
Trouve
18%
Tu
18%
Voler
18%
Vu
18%
Aimé
9%
Aux
9%
Carreaux
9%
Cassées
9%
Cess
9%
Chamel
9%
Dents
9%
Désape
9%
Direct
9%
D’lame
9%
Fesse
9%
Fumer
9%
Gagnant
9%
Gazer
9%
Gros
9%
Ils
9%
J’connais
9%
J’planque
9%
J’provoque
9%
L’H H H
9%
Lv
9%
L’voisin
9%
Palais
9%
Petit
9%
Pirate
9%
Porte
9%
Prends
9%
Prix
9%
S’affichent
9%
Sapes
9%
Sieste
9%
Tuyaux
9%
Va
9%
Voie
9%
Avenir
0%
Baise
0%
Bons
0%
Ganté
0%
Gui
0%
Joue
0%
J’sais
0%
Kazin
0%
L’immobilier
0%
L’magasin
0%
Mixtape
0%
Nouvelle
0%
Ok
0%
Sac
0%
Sale
0%
Savent
0%
Aucun quiz correspondant
Distribution des résultats
% des personnes avec chaque résultat
Percentile par nombre de réponses
Votre historique - résultats
Vous n’avez pas pris ce quiz